Los Pequeños países de América Latina en la hora neoliberal /
El documento presentan los resultados de una investigación comparativa sobre seis pequeños países de América Latina y el Caribe: Costa Rica, El Salvador, República Dominicana, Ecuador, Bolivia y Uruguay, demostrando que en cada uno de ellos se han aplicado en la década pasada políticas de estabiliza...
Wedi'i Gadw mewn:
| Prif Awdur: | |
|---|---|
| Awduron Eraill: | |
| Fformat: | Anhysbys |
| Cyhoeddwyd: |
Caracas:
UNAM. UNA. UNRISD. NUEVA SOCIEDAD
1994
|
| Pynciau: | |
| Tagiau: |
Ychwanegu Tag
Dim Tagiau, Byddwch y cyntaf i dagio'r cofnod hwn!
|
MARC
| LEADER | 00000 a2200000 04500 | ||
|---|---|---|---|
| 001 | 19330 | ||
| 003 | cru CIDCACS/IIS | ||
| 005 | 20230529095836.0 | ||
| 008 | 991231e1994 ve d | ||
| 040 | |a CRAI/IIS |c CRAI/IIS | ||
| 090 | |a 03.02.01 S572p | ||
| 100 | |a Sierra, Gerónimo de | ||
| 245 | |a Los Pequeños países de América Latina en la hora neoliberal / |c Gerónimo de Sierra | ||
| 260 | |a Caracas: |b UNAM. UNA. UNRISD. NUEVA SOCIEDAD |c 1994 | ||
| 300 | |a 217 páginas | ||
| 520 | |a El documento presentan los resultados de una investigación comparativa sobre seis pequeños países de América Latina y el Caribe: Costa Rica, El Salvador, República Dominicana, Ecuador, Bolivia y Uruguay, demostrando que en cada uno de ellos se han aplicado en la década pasada políticas de estabilización y ajuste estructural, de apertura del mercado interno, de reforma del rol del Estado y de redefinición de los lazos económicos internacionales. | ||
| 650 | |a RELACIONES INTERNACIONALES | ||
| 650 | |a IMPERIALISMO | ||
| 650 | |a COOPERACION ECONOMICA | ||
| 650 | |a DEPENDENCIA ECONOMICA | ||
| 650 | |a CONDICIONES ECONOMICAS | ||
| 650 | |a AJUSTE ESTRUCTURAL | ||
| 650 | |a CAMBIO ECONOMICO | ||
| 650 | |a PRIVATIZACION | ||
| 650 | |a COOPERACION ECONOMICA | ||
| 650 | |a CONDICIONES ECONOMICAS | ||
| 700 | |a coord | ||
| 942 | |2 ddc |c LI |h 03.02.01 S572p |i 01754 |6 030201_S572P_01754 | ||
| 999 | |c 3915 |d 3915 | ||
